[Event "Rated Blitz tournament nXOZuxGG"]
[Site "?"]
[Date "2021.03.28"]
[Round "?"]
[White "espinozasgod"]
[Black "DonCroccante"]
[Result "1-0"]
[WhiteElo "2426"]
[BlackElo "2238"]
[PlyCount "131"]
[EventDate "2021.??.??"]
[EventType "blitz"]

1. e4 e5 2. Nf3 d5 3. Nxe5 Bd6 4. d4 dxe4 5. Nc4 Nf6 6. Be2 Nc6 7. O-O Bf5 8.
f3 exf3 9. Bxf3 Bg6 10. c3 O-O 11. Nxd6 Qxd6 12. Nd2 Rfe8 13. Nc4 Qd7 14. Bxc6
Qxc6 15. Ne5 Qb6 16. a4 c5 17. a5 Qc7 18. Bf4 Qc8 19. Bg5 Ne4 20. Be3 cxd4 21.
Bxd4 f6 22. Nxg6 hxg6 23. Qb3+ Kh7 24. Rf3 g5 25. Rh3+ Kg6 26. Rf1 Qe6 27. Qc2
f5 28. g4 f4 29. Re1 Re7 30. Rd3 Rae8 31. Rd2 Qd7 32. Rde2 Qc6 33. b4 f3 34.
Rf2 Rf7 35. Re3 Qe6 36. h3 Kh6 37. Rfxf3 Rxf3 38. Rxf3 Nf6 39. Bf2 Qe2 40. Qxe2
Rxe2 41. Kg2 Kg6 42. Rd3 Rc2 43. Kf3 b6 44. Bd4 bxa5 45. Bxf6 Ra2 46. bxa5 gxf6
47. Rd6 Rxa5 48. Rd7 Rc5 49. Rd3 a5 50. Ke4 a4 51. Kd4 Ra5 52. Rd1 a3 53. Ra1
a2 54. Kc4 Re5 55. Kb3 Re3 56. Rxa2 Rxh3 57. Rc2 Rg3 58. Kb4 Rxg4+ 59. c4 Re4
60. Kb5 Re8 61. c5 g4 62. c6 f5 63. c7 f4 64. c8=Q Kg5 65. Rc5+ Kh4 66. Qxg4+ {
Time forfeit} 1-0

[Event "Rated Blitz tournament nFM4RuBR"]
[Site "?"]
[Date "2021.03.28"]
[Round "?"]
[White "kingfisher999"]
[Black "om_gendut"]
[Result "1/2-1/2"]
[WhiteElo "2575"]
[BlackElo "2427"]
[PlyCount "199"]
[EventDate "2021.??.??"]
[EventType "blitz"]

1. e4 e5 2. Nf3 d5 3. exd5 e4 4. Qe2 Be7 5. Qxe4 Nf6 6. Qa4+ Nbd7 7. Nc3 O-O 8.
Be2 Nb6 9. Qb3 Nbxd5 10. O-O Bf5 11. d3 Rb8 12. Nd4 Bg6 13. Nxd5 Nxd5 14. Bf3
Nf6 15. Be3 c6 16. Rad1 Bd6 17. h3 Bc7 18. Rfe1 Qd6 19. g3 Qd7 20. Bg2 Rfe8 21.
c3 Bb6 22. Bf4 Rbd8 23. Rxe8+ Rxe8 24. Nf3 Nh5 25. Ne5 Qf5 26. Nxg6 hxg6 27.
Be4 Qe6 28. Qxe6 Rxe6 29. Kg2 Nxf4+ 30. gxf4 Bc7 31. Bf3 Bxf4 32. d4 Rd6 33. c4
Rd7 34. d5 cxd5 35. cxd5 Be5 36. b3 Bd6 37. Rc1 Rc7 38. Rxc7 Bxc7 39. d6 Bxd6
40. Bxb7 Kf8 41. Bd5 g5 42. Kf3 f6 43. Ke4 Bc5 44. f3 Ke7 45. Kf5 Ba3 46. Kg6
Kf8 47. Bc4 Bb4 48. a4 a5 49. Bd5 Bc5 50. Kf5 Ke7 51. Bc4 Bb4 52. Ke4 Kd6 53.
Kf5 Ke7 54. Kg6 Kf8 55. Bd3 Bc5 56. Bf5 Bb4 57. Be4 Bc5 58. Bd5 Bb4 59. f4 Bc5
60. fxg5 fxg5 61. Kxg5 Be3+ 62. Kf5 Bc5 63. Ke4 Bb4 64. Bc4 Ba3 65. Kd5 Bb4 66.
Kc6 Ke7 67. Kb5 Kf6 68. Bd5 Kg5 69. Kc4 Kh4 70. Be6 Kg3 71. Bg4 Kf4 72. Kd5 g5
73. Ke6 Kg3 74. Kd5 Kh4 75. Ke4 Be1 76. Kf5 Bb4 77. Ke4 Be1 78. Kd3 Bb4 79. Ke2
Be1 80. Kxe1 Kg3 81. Kd2 Kf4 82. Kc3 Ke5 83. b4 axb4+ 84. Kxb4 Kd6 85. a5 Kc7
86. Bf3 Kb8 87. Kb5 Ka7 88. Be4 Kb8 89. Kb6 g4 90. hxg4 Kc8 91. a6 Kd8 92. a7
Ke7 93. a8=Q Kf6 94. Qc6+ Kg5 95. Qg6+ Kh4 96. Qf5 Kg3 97. g5 Kh4 98. g6 Kg3
99. g7 Kh2 100. g8=Q {Normal} 1/2-1/2

[Event "Rated Blitz tournament nFM4RuBR"]
[Site "?"]
[Date "2021.03.28"]
[Round "?"]
[White "dodajon"]
[Black "om_gendut"]
[Result "1/2-1/2"]
[WhiteElo "2303"]
[BlackElo "2403"]
[PlyCount "80"]
[EventDate "2021.??.??"]
[EventType "blitz"]

1. e4 e5 2. Nf3 d5 3. Nxe5 Bd6 4. d4 dxe4 5. Nc3 Bxe5 6. dxe5 Qxd1+ 7. Kxd1 Nc6
8. Nxe4 Bg4+ 9. f3 Bf5 10. Bf4 Bxe4 11. fxe4 O-O-O+ 12. Kc1 Nge7 13. c3 Ng6 14.
Bg3 Ngxe5 15. Kc2 a6 16. Be2 Rhe8 17. Rad1 f6 18. Rxd8+ Rxd8 19. Rd1 Rxd1 20.
Bxd1 Nc4 21. Bg4+ Kd8 22. Bf2 N6e5 23. Be2 Nd6 24. Bd3 Nxd3 25. Kxd3 Kd7 26. c4
Ke6 27. Bg3 c5 28. a4 a5 29. b3 Kd7 30. e5 fxe5 31. Bxe5 g6 32. Bxd6 Kxd6 33.
Ke4 Ke6 34. h4 h6 35. g4 g5 36. h5 b6 37. Kf3 Kd6 38. Ke4 Ke6 39. Kf3 Kf7 40.
Ke4 Ke6 {Normal} 1/2-1/2

[Event "Rated Blitz tournament nXOZuxGG"]
[Site "?"]
[Date "2021.03.28"]
[Round "?"]
[White "espinozasgod"]
[Black "Lur15"]
[Result "1-0"]
[WhiteElo "2443"]
[BlackElo "2279"]
[PlyCount "59"]
[EventDate "2021.??.??"]
[EventType "blitz"]

1. e4 e5 2. Nf3 d5 3. Nxe5 Bd6 4. d4 dxe4 5. Nc4 Nf6 6. Be2 O-O 7. O-O Nc6 8.
c3 Re8 9. b4 a6 10. a4 Bf5 11. h3 Qd7 12. g4 Bg6 13. Bg5 Nd5 14. Ne3 Nf4 15.
Bxf4 Bxf4 16. Nd2 b5 17. a5 Qd6 18. Kg2 Rad8 19. Nb3 Ne7 20. Nc5 Bxe3 21. fxe3
Nd5 22. Qd2 Qe7 23. c4 bxc4 24. Bxc4 Nf6 25. Bxa6 h5 26. g5 Nd5 27. h4 Qd6 28.
Bc4 Ne7 29. Rf4 Nf5 30. Raf1 {Normal} 1-0

[Event "Rated Blitz tournament nFM4RuBR"]
[Site "?"]
[Date "2021.03.28"]
[Round "?"]
[White "SUSAL"]
[Black "om_gendut"]
[Result "0-1"]
[WhiteElo "2339"]
[BlackElo "2426"]
[PlyCount "66"]
[EventDate "2021.??.??"]
[EventType "blitz"]

1. e4 e5 2. Nf3 d5 3. exd5 e4 4. Nd4 Qxd5 5. Nb3 Nf6 6. Nc3 Qe5 7. Be2 Bd6 8.
d3 exd3 9. Qxd3 Bf5 10. Qd1 Nc6 11. Be3 O-O-O 12. Qc1 Bb4 13. O-O Bd6 14. g3
Ne4 15. Nxe4 Qxe4 16. Bd3 Qe6 17. Re1 Bxd3 18. Bg5 Qf5 19. Bxd8 Be4 20. Bg5 Qf3
21. Rxe4 Qxe4 22. Be3 h5 23. Nd2 Qf5 24. h4 Re8 25. Nf1 Ne5 26. Nh2 f6 27. b3
Nf3+ 28. Nxf3 Qxf3 29. Qd2 Bxg3 30. fxg3 Qxg3+ 31. Qg2 Qxe3+ 32. Kh2 Qe5+ 33.
Kh1 Qxa1+ {Normal} 0-1

[Event "Rated Blitz game"]
[Site "?"]
[Date "2021.03.28"]
[Round "?"]
[White "Sanek1206"]
[Black "Dzon_Vejn"]
[Result "0-1"]
[WhiteElo "2424"]
[BlackElo "2333"]
[PlyCount "46"]
[EventDate "2021.??.??"]
[EventType "blitz"]

1. e4 e5 2. Nf3 d5 3. exd5 e4 4. Nd4 Qxd5 5. Nb3 Qe5 6. Nc3 Nc6 7. Bb5 Bd7 8.
O-O Bd6 9. g3 h5 10. d4 Qe7 11. Nd5 Qe6 12. c4 Qh3 13. Bf4 Bg4 14. Qc2 Bf3 15.
Ne3 Bxf4 16. gxf4 Rh6 17. f5 Nf6 18. Nd2 Ng4 19. Nxf3 exf3 20. Qe4+ Kf8 21. Qf4
Nxd4 22. Rfe1 Nxe3 23. Rxe3 Qg2# {Normal} 0-1

[Event "Rated Blitz tournament PMHPCJer"]
[Site "?"]
[Date "2021.03.28"]
[Round "?"]
[White "Crazy_Eight"]
[Black "Jenlen3001"]
[Result "0-1"]
[WhiteElo "2307"]
[BlackElo "2477"]
[PlyCount "60"]
[EventDate "2021.??.??"]
[EventType "blitz"]

1. e4 e5 2. Nf3 d5 3. Nxe5 Bd6 4. Nxf7 Kxf7 5. Qh5+ Kf8 6. Qxd5 Nf6 7. Qc4 Qe7
8. Nc3 Be6 9. Qa4 Nc6 10. d4 Bd7 11. d5 Nb4 12. Qb3 Nxe4 13. Be3 a5 14. O-O-O
a4 15. Qc4 Nxc3 16. bxc3 b5 17. Qd4 Nxa2+ 18. Kb1 Be5 19. Kxa2 Bxd4 20. Rxd4 h6
21. Bd3 Kg8 22. h4 Qc5 23. d6 Qxc3 24. Be4 Be6+ 25. Kb1 a3 26. Kc1 a2 27. Kd1
a1=Q+ 28. Ke2 Qxh1 29. Bxa8 Bg4+ 30. f3 Qhe1# {Normal} 0-1

[Event "Rated Blitz game"]
[Site "?"]
[Date "2021.03.28"]
[Round "?"]
[White "berndhoy"]
[Black "BraveHeartIndian"]
[Result "0-1"]
[WhiteElo "2452"]
[BlackElo "2429"]
[PlyCount "96"]
[EventDate "2021.??.??"]
[EventType "blitz"]

1. e4 e5 2. Nf3 d5 3. Nxe5 Nf6 4. exd5 Qxd5 5. Nf3 Nc6 6. Be2 Bg4 7. Nc3 Qd7 8.
d3 O-O-O 9. Be3 Bb4 10. O-O Rhe8 11. Bg5 Kb8 12. Bxf6 gxf6 13. Re1 Rxe2 14.
Qxe2 Nd4 15. Qe4 Bxf3 16. gxf3 Qh3 17. Qxd4 Rg8+ 18. Qg4 Rxg4+ 19. fxg4 Qxg4+
20. Kf1 Qh3+ 21. Kg1 a5 22. Re3 Qg4+ 23. Rg3 Qe6 24. Nb5 b6 25. a3 Bd2 26. Nd4
Qd5 27. Nf3 Bf4 28. Rg8+ Kb7 29. Kg2 Bxh2 30. Re1 Bd6 31. Ree8 Qa2 32. Rb8+ Kc6
33. b3 Bc5 34. d4 Bxa3 35. Rgd8 Qxc2 36. Rbc8 Bd6 37. d5+ Kc5 38. Rd7 Kb4 39.
Rxd6 Qg6+ 40. Kf1 cxd6 41. Rc6 Qd3+ 42. Kg2 Qxd5 43. Rxb6+ Ka3 44. Rb8 h5 45.
Kg3 Qe4 46. Nd2 Qg4+ 47. Kh2 Qf4+ 48. Kg2 Qxd2 {Time forfeit} 0-1

[Event "Rated Blitz game"]
[Site "?"]
[Date "2021.03.28"]
[Round "?"]
[White "vascodiogo17"]
[Black "Akbas_Kaan"]
[Result "0-1"]
[WhiteElo "2470"]
[BlackElo "2422"]
[PlyCount "62"]
[EventDate "2021.??.??"]
[EventType "blitz"]

1. e4 e5 2. Nf3 d5 3. d3 dxe4 4. Ng5 Nc6 5. Nc3 Nge7 6. Ngxe4 f5 7. Ng3 Ng6 8.
Be2 Be7 9. f4 exf4 10. Nh5 Bh4+ 11. Kf1 O-O 12. Nxf4 Nxf4 13. Bxf4 g5 14. g3
gxf4 15. gxh4 Qxh4 16. Qe1 Qh3+ 17. Kg1 Kh8 18. Bf3 Rg8+ 19. Kf2 Qh4+ 20. Kf1
Qh3+ 21. Kf2 Bd7 22. Nd5 Rae8 23. Qc3+ Rg7 24. Rag1 Ne5 25. d4 Rxg1 26. Rxg1
Qxh2+ 27. Rg2 Qh4+ 28. Ke2 Nxf3+ 29. Kxf3 Bc6 30. Qb3 Bxd5+ 31. Qxd5 Re3# {
Normal} 0-1

[Event "Rated Blitz tournament nFM4RuBR"]
[Site "?"]
[Date "2021.03.28"]
[Round "?"]
[White "tamojerry"]
[Black "om_gendut"]
[Result "1-0"]
[WhiteElo "2495"]
[BlackElo "2413"]
[PlyCount "65"]
[EventDate "2021.??.??"]
[EventType "blitz"]

1. e4 e5 2. Nf3 d5 3. Nc3 dxe4 4. Nxe5 Nf6 5. Bc4 Be6 6. Bxe6 fxe6 7. O-O Bd6
8. Nc4 O-O 9. d3 exd3 10. Qxd3 Nc6 11. Rd1 Ne5 12. Nxe5 Bxe5 13. Qe2 Bd6 14.
Qxe6+ Kh8 15. Bg5 Qe8 16. Qxe8 Raxe8 17. Bxf6 Rxf6 18. Re1 Rfe6 19. Kf1 Bb4 20.
Rxe6 Rxe6 21. Re1 Rxe1+ 22. Kxe1 Bxc3+ 23. bxc3 Kg8 24. Ke2 Kf7 25. Ke3 Ke6 26.
Ke4 Kf6 27. f4 h5 28. g3 c6 29. h3 b6 30. g4 Ke6 31. f5+ Kf6 32. Kf4 hxg4 33.
hxg4 {Normal} 1-0

[Event "Rated Blitz game"]
[Site "?"]
[Date "2021.03.28"]
[Round "?"]
[White "Tim1991"]
[Black "blastol"]
[Result "1-0"]
[WhiteElo "2523"]
[BlackElo "2403"]
[PlyCount "37"]
[EventDate "2021.??.??"]
[EventType "blitz"]

1. e4 e5 2. Nf3 d5 3. exd5 Bd6 4. Nc3 Nf6 5. Bb5+ c6 6. dxc6 bxc6 7. Bc4 e4 8.
Ng5 O-O 9. O-O Bxh2+ 10. Kh1 Ng4 11. Nxf7 Rxf7 12. Bxf7+ Kxf7 13. f3 Qh4 14.
fxg4+ Bf4+ 15. Kg1 Qh2+ 16. Kf2 Kg8 17. Nxe4 Qh4+ 18. g3 Qh2+ 19. Kf3 {Normal}
1-0

[Event "Rated Blitz tournament 5yY1cEic"]
[Site "?"]
[Date "2021.03.28"]
[Round "?"]
[White "kutttayy"]
[Black "Schachelite"]
[Result "0-1"]
[WhiteElo "2225"]
[BlackElo "2414"]
[PlyCount "80"]
[EventDate "2021.??.??"]
[EventType "blitz"]

1. e4 e5 2. Nf3 d5 3. exd5 e4 4. Qe2 Nf6 5. Nc3 Be7 6. Nxe4 O-O 7. d3 Re8 8.
Bd2 Nxd5 9. O-O-O f5 10. Nc3 Bf6 11. Nxd5 Rxe2 12. Nxf6+ Qxf6 13. Bxe2 Nc6 14.
Bc3 Qe6 15. Rhe1 Qxa2 16. d4 Be6 17. Bb5 Bd5 18. Ne5 a6 19. Bd3 Nxe5 20. Rxe5
b5 21. Bxf5 Rd8 22. Rde1 a5 23. Rxd5 Rxd5 24. Be6+ Kf8 25. Re5 Qa1+ 26. Kd2
Rxe5 27. dxe5 c5 28. b3 Qf1 29. Ke3 b4 30. Bd2 Qxg2 31. h3 Qg5+ 32. Kd3 Qxe5
33. Bg4 h5 34. Bf3 Qf5+ 35. Be4 Qxh3+ 36. Be3 h4 37. Ke2 Qg4+ 38. Bf3 Qf5 39.
Bh1 Qxc2+ 40. Kf3 Qxb3 {Normal} 0-1

[Event "Rated Blitz game"]
[Site "?"]
[Date "2021.03.28"]
[Round "?"]
[White "kiperman001"]
[Black "BraveHeartIndian"]
[Result "1-0"]
[WhiteElo "2335"]
[BlackElo "2432"]
[PlyCount "57"]
[EventDate "2021.??.??"]
[EventType "blitz"]

1. e4 e5 2. Nf3 d5 3. d3 dxe4 4. dxe4 Qxd1+ 5. Kxd1 Bg4 6. Be2 Bxf3 7. Bxf3 Nc6
8. c3 O-O-O+ 9. Kc2 Nf6 10. Be3 h6 11. h4 Rg8 12. h5 Nd7 13. b4 Nb6 14. Nd2 a5
15. a3 Be7 16. Be2 Bg5 17. Bxg5 hxg5 18. Bb5 axb4 19. axb4 Ne7 20. Ra5 c6 21.
Be2 Kc7 22. Rxe5 Rge8 23. Rxg5 f5 24. Rxg7 fxe4 25. Nxe4 Kb8 26. Nc5 Nd7 27.
Nxd7+ Rxd7 28. Bg4 Rd6 29. h6 {Normal} 1-0

[Event "Rated Blitz tournament uLmPjmzN"]
[Site "?"]
[Date "2021.03.28"]
[Round "?"]
[White "Diloyan"]
[Black "Maltinho"]
[Result "0-1"]
[WhiteElo "2261"]
[BlackElo "2570"]
[PlyCount "62"]
[EventDate "2021.??.??"]
[EventType "blitz"]

1. e4 e5 2. Nf3 d5 3. Nxe5 Bd6 4. d4 dxe4 5. Bc4 Bxe5 6. Qh5 Qe7 7. Qxe5 Qxe5
8. dxe5 Nc6 9. Bf4 Nge7 10. Nc3 Bf5 11. O-O-O Ng6 12. Bg3 Ngxe5 13. Bd5 O-O-O
14. Bxe4 Bxe4 15. Nxe4 f6 16. Nc5 Rhe8 17. b3 b6 18. Nd3 Nxd3+ 19. Rxd3 Rxd3
20. cxd3 Re2 21. a3 Nd4 22. b4 Nb3+ 23. Kb1 Kb7 24. Rd1 Nd4 25. Rc1 c6 26. h4
Nb5 27. a4 Na3+ 28. Ka1 Nc2+ 29. Kb2 Nxb4+ 30. Kc3 Na2+ 31. Kd4 Nxc1 {Normal}
0-1

[Event "Rated Blitz tournament nXOZuxGG"]
[Site "?"]
[Date "2021.03.28"]
[Round "?"]
[White "linoblanco"]
[Black "DonCroccante"]
[Result "1-0"]
[WhiteElo "2502"]
[BlackElo "2229"]
[PlyCount "69"]
[EventDate "2021.??.??"]
[EventType "blitz"]

1. e4 e5 2. Nf3 d5 3. exd5 e4 4. Qe2 Nf6 5. Nc3 Be7 6. Nxe4 O-O 7. d3 Nxd5 8.
Bd2 f5 9. Nc3 Nxc3 10. Bxc3 Re8 11. Ne5 Nc6 12. f4 Nd4 13. Qf2 Bc5 14. Qd2 Qh4+
15. Kd1 Nc6 16. g3 Qe7 17. Bg2 Nxe5 18. fxe5 Bb6 19. Re1 c5 20. Kc1 Be6 21. b3
Rad8 22. Qf4 c4 23. dxc4 Qd7 24. Kb2 a5 25. a4 Qe7 26. Red1 g5 27. Qf3 Bc5 28.
Rxd8 Rxd8 29. Qxb7 Rd7 30. Qa8+ Kg7 31. Qxa5 Bd4 32. Bxd4 Rxd4 33. Qc3 Qd7 34.
Re1 Rd2 35. Bd5 {Time forfeit} 1-0

[Event "Rated Blitz game"]
[Site "?"]
[Date "2021.03.28"]
[Round "?"]
[White "parham_76"]
[Black "blastol"]
[Result "0-1"]
[WhiteElo "2437"]
[BlackElo "2369"]
[PlyCount "102"]
[EventDate "2021.??.??"]
[EventType "blitz"]

1. e4 e5 2. Nf3 d5 3. Nxe5 Bd6 4. d4 dxe4 5. Bc4 Bxe5 6. dxe5 Qxd1+ 7. Kxd1 Nc6
8. Bf4 Nge7 9. c3 Ng6 10. Bg3 h5 11. h3 h4 12. Bh2 Ngxe5 13. Bb5 Bd7 14. Bxc6
Nxc6 15. Bxc7 O-O 16. Ke2 Ne7 17. Bd6 Bb5+ 18. Ke1 Rfe8 19. Nd2 Nf5 20. Bf4 f6
21. Be3 Nxe3 22. fxe3 Rad8 23. c4 Bc6 24. Ke2 Rd3 25. Rad1 b5 26. b3 Rc3 27.
Rc1 Rd3 28. Rhd1 Re5 29. Nb1 Rxd1 30. Rxd1 bxc4 31. bxc4 Ra5 32. Nd2 Rxa2 33.
Rb1 a5 34. Rb6 Be8 35. Ke1 Ra1+ 36. Kf2 Ra2 37. Ke1 a4 38. Nxe4 Ra1+ 39. Kd2 a3
40. Ra6 Bg6 41. Nc3 Rg1 42. Rxa3 Rxg2+ 43. Ke1 Rg3 44. Nd5 Rxh3 45. Kf2 Rh2+
46. Kf3 Rc2 47. Rc3 Bh5+ 48. Kf4 Rf2+ 49. Ke4 h3 50. Nf4 h2 51. Rc1 Bf3+ {
Normal} 0-1

[Event "Rated Blitz game"]
[Site "?"]
[Date "2021.03.28"]
[Round "?"]
[White "luchok123"]
[Black "pasha1984"]
[Result "0-1"]
[WhiteElo "2403"]
[BlackElo "2389"]
[PlyCount "82"]
[EventDate "2021.??.??"]
[EventType "blitz"]

1. e4 e5 2. Nf3 d5 3. d4 dxe4 4. Nxe5 Bd6 5. Nc4 Nc6 6. Nxd6+ Qxd6 7. Be3 Nge7
8. Nc3 Bf5 9. Qd2 O-O-O 10. O-O-O a6 11. Bc4 Bg6 12. h4 Bh5 13. Be2 Bxe2 14.
Qxe2 f5 15. g3 Nd5 16. Nxd5 Qxd5 17. c4 Qa5 18. Kb1 Nb4 19. a3 Nd3 20. f3 Qa4
21. fxe4 fxe4 22. Qg4+ Kb8 23. Qxe4 Nxb2 24. Kxb2 Rhe8 25. Qd3 Re6 26. Ka2 Rde8
27. Rhe1 Rxe3 28. Rxe3 Rxe3 29. Qxe3 Qxd1 30. Kb2 Qg4 31. Kc3 h6 32. d5 g5 33.
hxg5 hxg5 34. Kb4 Qf5 35. Kc3 g4 36. Kd4 b6 37. Qf4 Qg6 38. Ke5 Qd6+ 39. Kf5
Qxa3 40. Qxg4 Qd3+ 41. Kg5 a5 {Time forfeit} 0-1

[Event "Rated Blitz game"]
[Site "?"]
[Date "2021.03.28"]
[Round "?"]
[White "repairer"]
[Black "KamranShirazi"]
[Result "1/2-1/2"]
[WhiteElo "2346"]
[BlackElo "2502"]
[PlyCount "118"]
[EventDate "2021.??.??"]
[EventType "blitz"]

1. e4 e5 2. Nf3 d5 3. Nxe5 Bd6 4. d4 dxe4 5. Nc4 Nc6 6. Nc3 f5 7. g3 Nf6 8.
Nxd6+ Qxd6 9. Bf4 Qxd4 10. Qxd4 Nxd4 11. O-O-O Ne6 12. Be5 O-O 13. Bxf6 Rxf6
14. Bc4 c6 15. Rd6 Kf8 16. Rhd1 Ke7 17. h4 Rf8 18. a4 Rd8 19. Rxd8 Nxd8 20. f3
exf3 21. Rf1 Be6 22. Bd3 Nf7 23. Rxf3 Ne5 24. Re3 Kf6 25. Be2 g6 26. b3 Rd8 27.
Nd1 Rd4 28. Nf2 f4 29. gxf4 Rxf4 30. Ne4+ Kf5 31. Nd6+ Kf6 32. Ne8+ Ke7 33.
Rxe5 Rxh4 34. Ng7 Kf6 35. Rxe6+ Kxg7 36. Re7+ Kf6 37. Rxb7 g5 38. Rc7 g4 39.
Rxc6+ Ke5 40. Kd2 h5 41. Ke3 Rh3+ 42. Kf2 Rh2+ 43. Kf1 g3 44. Rc5+ Kf4 45. Rxh5
Rf2+ 46. Ke1 Ke3 47. Re5+ Kd4 48. Rg5 Rg2 49. Kf1 Rf2+ 50. Ke1 Rg2 51. Bf3 Rg1+
52. Ke2 Kc3 53. Rc5+ Kb4 54. Rg5 Kc3 55. Be4 a6 56. Bd3 a5 57. Kf3 Rd1 58. Rxg3
Rd2 59. Ke4 Rd1 {Normal} 1/2-1/2

[Event "Rated Blitz game"]
[Site "?"]
[Date "2021.03.28"]
[Round "?"]
[White "Mushiron"]
[Black "blastol"]
[Result "0-1"]
[WhiteElo "2408"]
[BlackElo "2401"]
[PlyCount "28"]
[EventDate "2021.??.??"]
[EventType "blitz"]

1. e4 e5 2. Nf3 d5 3. exd5 Bd6 4. d3 f5 5. c4 Nf6 6. Nc3 O-O 7. Be2 Qe8 8. O-O
e4 9. dxe4 fxe4 10. Nd4 Qg6 11. Kh1 Ng4 12. Bxg4 Bxg4 13. Qe1 Qh5 14. g3 Bc5 {
Normal} 0-1

[Event "Rated Blitz game"]
[Site "?"]
[Date "2021.03.28"]
[Round "?"]
[White "adrianrdosina"]
[Black "blastol"]
[Result "1/2-1/2"]
[WhiteElo "2398"]
[BlackElo "2405"]
[PlyCount "56"]
[EventDate "2021.??.??"]
[EventType "blitz"]

1. e4 e5 2. Nf3 d5 3. Nc3 dxe4 4. Nxe5 Qd4 5. Nc4 Be6 6. b3 Bc5 7. Qe2 Bxc4 8.
bxc4 Nf6 9. Bb2 O-O 10. O-O-O Nc6 11. Nd5 Ba3 12. c3 Bxb2+ 13. Kxb2 Qe5 14.
Nxf6+ gxf6 15. f3 f5 16. g4 exf3 17. Qxf3 fxg4 18. Qxg4+ Qg7 19. Qf5 Qg6 20.
Qf2 Kh8 21. d4 Rg8 22. h4 Raf8 23. h5 Qg3 24. Qf6+ Qg7 25. Qf5 Qg4 26. Qf6+ Qg7
27. Qf5 Qg4 28. Qf6+ Qg7 {Normal} 1/2-1/2

[Event "Rated Blitz game"]
[Site "?"]
[Date "2021.03.28"]
[Round "?"]
[White "adrianrdosina"]
[Black "blastol"]
[Result "1-0"]
[WhiteElo "2387"]
[BlackElo "2418"]
[PlyCount "27"]
[EventDate "2021.??.??"]
[EventType "blitz"]

1. e4 e5 2. Nf3 d5 3. Nc3 dxe4 4. Nxe5 f5 5. d3 Nf6 6. Bg5 Qd6 7. Nc4 Qb4 8.
Bxf6 gxf6 9. Qh5+ Kd8 10. O-O-O Be6 11. dxe4+ Nd7 12. Nd5 Qa4 13. Nxf6 Qxa2 14.
Qe8# {Normal} 1-0

[Event "Rated Blitz tournament nFM4RuBR"]
[Site "?"]
[Date "2021.03.28"]
[Round "?"]
[White "Fortune2004"]
[Black "YSA_kbpl"]
[Result "1/2-1/2"]
[WhiteElo "2497"]
[BlackElo "2348"]
[PlyCount "75"]
[EventDate "2021.??.??"]
[EventType "blitz"]

1. e4 e5 2. Nf3 d5 3. d3 dxe4 4. dxe4 Qxd1+ 5. Kxd1 Nc6 6. Bb5 Bg4 7. Ke2 Nge7
8. h3 Bxf3+ 9. gxf3 O-O-O 10. Bxc6 Nxc6 11. c3 f6 12. Be3 g5 13. Nd2 h6 14.
Rad1 Be7 15. Nb3 b6 16. Nd2 Kd7 17. Nf1+ Ke6 18. Ng3 Bd6 19. Nf5 Ne7 20. Ng3 c5
21. a4 a5 22. Rd2 Bc7 23. Rhd1 Rxd2+ 24. Rxd2 h5 25. b4 h4 26. Nf1 cxb4 27.
cxb4 axb4 28. Rb2 Nc6 29. Nd2 Ra8 30. Ra2 b5 31. a5 Rxa5 32. Rc2 Kd7 33. Nb3
Ra3 34. Nc5+ Kd6 35. Nb7+ Kd7 36. Nc5+ Kc8 37. Ne6 Kd7 38. Nc5+ {Normal}
1/2-1/2

[Event "Rated Blitz game"]
[Site "?"]
[Date "2021.03.28"]
[Round "?"]
[White "checkmamy"]
[Black "pasha1984"]
[Result "1-0"]
[WhiteElo "2382"]
[BlackElo "2442"]
[PlyCount "111"]
[EventDate "2021.??.??"]
[EventType "blitz"]

1. e4 e5 2. Nf3 d5 3. exd5 e4 4. Qe2 Nf6 5. d3 Qxd5 6. c4 Bb4+ 7. Bd2 Bxd2+ 8.
Nfxd2 Qxd3 9. Qxd3 exd3 10. Bxd3 Nc6 11. Nc3 Be6 12. O-O-O O-O-O 13. Nde4 Nb4
14. Bb1 Nxe4 15. Nxe4 Bxc4 16. b3 Bd5 17. f3 Bxe4 18. Bxe4 Nxa2+ 19. Kb2 Nb4
20. Kc3 a5 21. h4 c6 22. Rxd8+ Kxd8 23. h5 h6 24. Rh4 Kc7 25. Rg4 Rg8 26. Bh7
Nd5+ 27. Kd4 Rh8 28. Rxg7 Kd6 29. Rxf7 b5 30. Be4 c5+ 31. Kd3 Nb4+ 32. Kc3 Ke5
33. g4 Rd8 34. Rf5+ Ke6 35. Rxc5 Rb8 36. f4 Kd6 37. Re5 Na6 38. Rf5 Nc5 39. Bc2
b4+ 40. Kb2 Re8 41. Rf6+ Kd5 42. Rxh6 Re2 43. Rb6 Nd3+ 44. Kb1 Re1+ 45. Ka2 Re2
46. Kb1 Re1+ 47. Bd1 Rxd1+ 48. Kc2 Rc1+ 49. Kxd3 Rc3+ 50. Kd2 Rxb3 51. Rb5+ Kc4
52. Rxa5 Rb2+ 53. Ke3 b3 54. h6 Rh2 55. g5 b2 56. Ra4+ {Time forfeit} 1-0

[Event "Rated Blitz game"]
[Site "?"]
[Date "2021.03.28"]
[Round "?"]
[White "sexychess88"]
[Black "pasha1984"]
[Result "0-1"]
[WhiteElo "2449"]
[BlackElo "2414"]
[PlyCount "62"]
[EventDate "2021.??.??"]
[EventType "blitz"]

1. e4 e5 2. Nf3 d5 3. exd5 e4 4. Qe2 Nf6 5. d3 Qxd5 6. Nbd2 Nc6 7. Nxe4 Be6 8.
Bd2 O-O-O 9. Bc3 Be7 10. a3 Rhe8 11. Qe3 Kb8 12. Be2 h6 13. O-O Ng4 14. Qf4 g5
15. Qg3 f5 16. Nfd2 fxe4 17. Bxg4 Bxg4 18. Qxg4 exd3 19. cxd3 Qxd3 20. Rad1 Qg6
21. Nf3 h5 22. Qc4 Bd6 23. Rfe1 g4 24. Nd4 Nxd4 25. Bxd4 h4 26. Bc3 g3 27. fxg3
hxg3 28. h3 Qc2 29. Kh1 Rh8 30. Qd3 Rxh3+ 31. Kg1 Qf2# {Normal} 0-1

[Event "Rated Blitz game"]
[Site "?"]
[Date "2021.03.28"]
[Round "?"]
[White "RobertGutierez_UNMSM"]
[Black "blastol"]
[Result "0-1"]
[WhiteElo "2394"]
[BlackElo "2400"]
[PlyCount "28"]
[EventDate "2021.??.??"]
[EventType "blitz"]

1. e4 e5 2. Nf3 d5 3. Nxe5 Bd6 4. d4 dxe4 5. Bc4 Bxe5 6. dxe5 Qxd1+ 7. Kxd1 Nc6
8. Bf4 Nge7 9. Bg3 h5 10. h4 Nf5 11. Re1 Nxg3 12. fxg3 Bg4+ 13. Kc1 O-O-O 14.
Rxe4 Rd1# {Normal} 0-1

[Event "Rated Blitz tournament uLmPjmzN"]
[Site "?"]
[Date "2021.03.28"]
[Round "?"]
[White "Esssquire"]
[Black "Maltinho"]
[Result "1-0"]
[WhiteElo "2648"]
[BlackElo "2558"]
[PlyCount "159"]
[EventDate "2021.??.??"]
[EventType "blitz"]

1. e4 e5 2. Nf3 d5 3. Nxe5 Bd6 4. d4 dxe4 5. Nc4 Nf6 6. Nc3 O-O 7. Bg5 h6 8.
Bh4 Nc6 9. Qd2 Re8 10. O-O-O Bb4 11. a3 Be7 12. Bg3 Nd5 13. Nxd5 Qxd5 14. Ne3
Qd8 15. d5 Nb8 16. Bxc7 Qxc7 17. d6 Bxd6 18. Qxd6 Qxd6 19. Rxd6 Nc6 20. Bb5 Re6
21. Rhd1 Rxd6 22. Rxd6 Be6 23. Bxc6 bxc6 24. Rxc6 Kf8 25. Rd6 Ke7 26. Ra6 f5
27. g3 g5 28. Ra5 f4 29. gxf4 gxf4 30. Nd5+ Bxd5 31. Rxd5 Ke6 32. Rh5 Rg8 33.
Kd2 Rg2 34. Ke1 Rg1+ 35. Ke2 Rc1 36. Rc5 Kd6 37. b4 Ra1 38. Rf5 f3+ 39. Ke3
Re1+ 40. Kd4 Re2 41. c4 Rxf2 42. Kxe4 Rxh2 43. Rxf3 Rh4+ 44. Rf4 Rh3 45. Rf6+
Kc7 46. Rf3 Rh1 47. Kd5 Rh5+ 48. Kd4 Rh4+ 49. Kc3 a6 50. Rf7+ Kb6 51. Rf6+ Kb7
52. Kb3 Ka7 53. Rf3 Kb7 54. a4 Rh1 55. b5 a5 56. Rf7+ Kb6 57. Rf6+ Kc5 58. Rc6+
Kd4 59. b6 Rb1+ 60. Kc2 Rb4 61. c5 Rxa4 62. Rc7 Rb4 63. b7 a4 64. c6 a3 65.
Rd7+ Ke5 66. c7 a2 67. Rd1 Rc4+ 68. Kb3 a1=Q 69. Rxa1 Rxc7 70. b8=Q Ke6 71.
Qxc7 Kd5 72. Ra5+ Ke4 73. Qb7+ Ke3 74. Qb6+ Kd3 75. Rc5 Kd2 76. Ka4 Ke2 77. Qb4
Kf3 78. Rc3+ Ke2 79. Qb2+ Ke1 80. Rc1# {Normal} 1-0

[Event "Rated Blitz tournament uLmPjmzN"]
[Site "?"]
[Date "2021.03.28"]
[Round "?"]
[White "Schlubbidubbi"]
[Black "Maltinho"]
[Result "0-1"]
[WhiteElo "2335"]
[BlackElo "2567"]
[PlyCount "42"]
[EventDate "2021.??.??"]
[EventType "blitz"]

1. e4 e5 2. Nf3 d5 3. exd5 Bd6 4. d4 e4 5. Ne5 Nf6 6. Nc3 O-O 7. Bc4 Nbd7 8.
Nxd7 Qxd7 9. Be3 Re8 10. Qd2 a6 11. a4 Qf5 12. h3 h5 13. Bb3 Bd7 14. O-O Qg6
15. Kh1 Bxh3 16. gxh3 Qf5 17. Kg2 Qf3+ 18. Kg1 Qxh3 19. f4 exf3 20. Bf4 Bxf4
21. Qxf4 Qg2# {Normal} 0-1